000 01029cam a2200277 a 4500
008
020 _a1555704271 (pbk.)
049 _aMAIN
090 _aZ718.5
_bCHA
100 1 _aChampelli, Lisa.
245 1 4 _aThe youth cybrarian's guide to developing instructional, curriculum-related, summer reading, and recreational programs /
_cLisa Champelli.
246 1 8 _aYouth cybrarian's guide
260 _aNew York :
_bNeal-Schuman,
_cc2002.
300 _axxi, 189 p. :
_bill. ;
_c28 cm.
500 _aIncludes index.
504 _aIncludes bibliographical references.
650 0 _aYoung adults' libraries
_xActivity programs
_zUnited States.
650 0 _aInternet in young adults' libraries
_zUnited States.
650 0 _aChildren's libraries
_xActivity programs
_zUnited States.
650 0 _aInternet in children's libraries
_zUnited States.
907 _a.b10303947
_b01-12-11
_c23-11-11
003
005 20230123125347.0
040 _cNUST
942 _cBOOKS
_kZ718.5
_mCHA
999 _c140192
_d140192